00564nam a2200181Ia 4500003000900000008004100009040001600050080001300066100002100079245007400100260004500174300001000219650002500229650002300254942000700277999001100284952008700295IN-BaIIA211028s9999 xx 000 0 eng d cIIA Library a910bTRO aTrotter, H.9146 0aAccount of survey operations in Eastern Turkistan 1873-74cH. Trotter aCalcuttabForeign Department Pressc1875 a165p. a East Turkestan9147 aSurvey report9148 cBK c93d93 00104070aBANbKODcGENd0000-00-00l0o910/ TROp45r2021-11-05w0000-00-00yBK